La princesita china

Gespeichert in:
Bibliographische Detailangaben
1. Verfasser: Mel Ilustrador
Weitere Verfasser: Sin autor
Format: keine Angabe
Sprache:Spanisch
Erschienen: Madrid Saturnino Calleja 1935
Katalog:MANES:  Suchergebnis im Bibliothekskatalog
Schulbuchspezifische Eigenschaften:
Schriftenreihe:Mis cuentos favoritos
Tags: Tag hinzufügen
Keine Tags, Fügen Sie den ersten Tag hinzu!
Hinzugefügt zu:26.04.2016

MARC

LEADER 000000000a22000000004500
001 18941
003 OSt
008 160427s sp ||||| |||| 00| 0 spa d
041 1 |a spa 
040 |c centro_manes 
691 7 |a PRI 
100 1 |a Mel  |b Ilustrador  |9 13402 
690 0 |a EyL 
700 1 |a Sin autor  |9 11659 
245 0 0 |a La princesita china 
260 3 |a Madrid  |b Saturnino Calleja  |c 1935 
300 |a 79p.  |c 22,5 * 19 cm 
440 |a Mis cuentos favoritos  |9 13400 
500 |a ILUSTRACIONES: Contiene grabados en blanco y negro. ENCUADERNACIÓN: Cartoné. DESCRIPCIÓN CONTENIDO: Cuentos. PALABRAS CLAVE: Cuento. NéMERO EJEMPLARES: 1. Nº TOPOGRÁFICO: 3446. CONSERVACIÓN: Buena. 
942 |2 ddc  |c BK 
546 |a España 
999 |c 24909  |d 24909 
999 |c manes:24909  |d 24909